Crímenes y pecados: de los jóvenes en la crónica policial
Պահպանված է:
| Հիմնական հեղինակ: | |
|---|---|
| Համատեղ հեղինակ: | |
| Ձևաչափ: | Անհայտ |
| Լեզու: | Spanish |
| Հրապարակվել է: |
Buenos Aires:
UNICEF
|
| Խորագրեր: | |
| Ցուցիչներ: |
Ավելացրեք ցուցիչ
Չկան պիտակներ, Եղեք առաջինը, ով նշում է այս գրառումը!
|
MARC
| LEADER | 00000 a2200000 04500 | ||
|---|---|---|---|
| 001 | 28879 | ||
| 003 | |||
| 008 | 050619s1997 ag spa d | ||
| 040 | |a CRAI/IIS |c CRAI/IIS | ||
| 020 | |a 987-95490-9-0 | ||
| 090 | |a 190103 | ||
| 100 | |a Arfuch, Leonor | ||
| 110 | |a Universidad de Buenos Aires | ||
| 245 | |a Crímenes y pecados: de los jóvenes en la crónica policial | ||
| 260 | |a Buenos Aires: |b UNICEF | ||
| 300 | |a 97 p | ||
| 650 | |a NOTICIAS DE PRENSA | ||
| 650 | |a DELINCUENCIA JUVENIL | ||
| 650 | |a JUVENTUD | ||
| 650 | |a IDENTIDAD CULTURAL | ||
| 650 | |a MEDIOS DE COMUNICACION | ||
| 999 | |c 4310 |d 4310 | ||



